000 00829nam a2200217 a 4500
001 000248527
003 AM-YeHGA
005 20250618075515.0
008 030718s1952 ai |||||r|||||||||1|rus|d
040 _aAM-YeHGA
041 0 _arus
100 1 _aՇիրազ, Հովհաննես Թադևոսի,
_d1914-1984
_999
245 1 0 _aМой товарищ Лорик :
_b[Стихи] /
_cО.Т. Шираз ; Пер. Н. Адамян ; Рис. С. Мурадян.
260 _aЕреван :
_bАйпетрат,
_c1952.
300 _a[32] с. :
_bил. ;
_c27 см.
650 1 4 _aՀայ գրականություն
700 1 _aԱդամյան, Նորա Գևորգի,
_d1910-1992
_eпер.
_4trl
_9958
700 1 _aՄուրադյան, Սարգիս Մամբրեի,
_d1927-2007
_eрис.
_4art
_92730
942 _2udc
_cBK
090 _c473494
999 _c470244
_d470244